| 000 | 01602pam a2200409 a 4500 | ||
|---|---|---|---|
| 999 |
_c924 _d924 |
||
| 001 | 013421372 | ||
| 003 | UkOxU | ||
| 005 | 20210622093708.0 | ||
| 008 | 990111s1998 enk 001 0 eng d | ||
| 015 | _aGB 98-W4414 | ||
| 020 | _a040689969x | ||
| 020 | _a0406988080 (1999 suppl) | ||
| 020 | _a0406918953 (April 2000 suppl) | ||
| 020 | _a0406918988 (Nov 2000 suppl) | ||
| 035 | _aBNB2524.682 | ||
| 040 |
_aBDS _cALUPE UNIVERSITY _dALUPE UNIVERSITY _eALUPE UNIVERSITY |
||
| 050 |
_aKD3156 _b.H46 1998 |
||
| 082 | 0 |
_a344.410465 _221 |
|
| 100 | 1 |
_aHendy, John, _d1948- |
|
| 245 | 1 | 0 | _aRedgrave's health and safety |
| 250 |
_a3rd ed. / _bJohn Hendy, Michael Ford. |
||
| 260 |
_aLondon : _bButterworths, _cc1998. |
||
| 300 |
_axlvii, 1955 p. ; _c26 cm. + _eSuppls. |
||
| 500 | _aPrevious ed.: published as Health and safety, 1993. | ||
| 500 | _aIncludes index. | ||
| 650 | 0 |
_aIndustrial hygiene _xLaw and legislation _zGreat Britain. |
|
| 650 | 0 |
_aIndustrial safety _xLaw and legislation _zGreat Britain |
|
| 700 | 1 |
_aFord, Michael, _d1961 June 18- |
|
| 700 | 1 |
_aRedgrave, Alexander, _d1818-1894. _tRedgrave's health and safety in factories |
|
| 942 |
_2lcc _cBK _nDO |
||